000 00590cam a22002053a 4500
001 39693
003 PGUSA
005 20140828083901.0
008 120514s2012||||xxu|||||s|||||000 | eng d
040 _aPGUSA
_beng
042 _adc
100 1 _aWood, Henry,
_cMrs,
_d1814-1887
245 1 0 _aMildred Arkell, (Vol 3 of 3) :
_bA Novel
_h[electronic resource] /
_cHenry, Wood
260 _bProject Gutenberg,
_c2012
506 _aPublic domain in the USA.
516 _aElectronic text
830 0 _aProject Gutenberg
_v39693
856 4 0 _uhttp://www.gutenberg.org/ebooks/39693
942 _cEB
999 _c268946
_d268946